Tell Basta : Geshcichte einer Grabung /

محفوظ في:

المؤلف الرئيسي: Selim, Mahmud Omar (مؤلف)

مؤلفون آخرون: Tietze, Christian.

التنسيق: كتاب

اللغة: German
Arabic

منشور في: Potsdam : Universität Potsdam, c1997.

سلاسل: Arcus (Potsdam, Germany) ; 4A.

الموضوعات:

الوسوم: إضافة وسم

لا توجد وسوم, كن أول من يضع وسما على هذه التسجيلة!

رقم الطلب: DT73 .B8 A5 v.4

LEADER 00948nam a22002777a 4500
003 OSt
005 20251207113129.0
008 251207t1997 gw ab b 000 0 ger d
040 |c ARCE Library 
041 0 |a ger  |a ara 
043 |a f-ua--- 
050 1 4 |a DT73 .B8  |b A5 v.4 
100 1 |a Selim, Mahmud Omar,  |e author 
245 1 0 |a Tell Basta :   |b Geshcichte einer Grabung /   |c Mahmud Omar Selim, Chrstian Tietze ; herausgegeben von Christian Tietze. 
264 1 |a Potsdam :   |b Universität Potsdam,   |c c1997. 
300 |a 77 pages :   |b illustrations, maps ;   |c 30 cm. 
490 1 |a Arcus (Potsdam, Germany) ;   |v 4A. 
504 |a Includes bibliographical references. 
546 |a German and Arabic. 
650 0 |a Excavations (Archaeology)  |z Egypt  |z Bubastis Site. 
651 0 |a Bubastis Site (Egypt)  |x Antiquities. 
700 1 |a Tietze, Christian. 
830 0 |a Arcus (Potsdam, Germany) ;   |v 4A. 
901 |a reviewed 
942 |c BK  |2 lcc 
999 |c 16571  |d 16571